[Event "Mar del Plata op 39th"]
[Site "Mar del Plata"]
[Date "2008.03.20"]
[Round "7"]
[White "Lopez, Rebert Pablo"]
[Black "Sandoval, Teofilo"]
[Result "0-1"]
[WhiteElo "2005"]
[BlackElo "2158"]
[PlyCount "90"]
[EventDate "2008.03.15"]
[EventType "swiss"]
[EventRounds "9"]
[EventCountry "ARG"]
[SourceTitle "CBM 123 Extra"]
[Source "ChessBase"]
[SourceDate "2008.05.06"]
[SourceVersion "1"]
[SourceVersionDate "2008.05.06"]
[SourceQuality "1"]

1. e4 e6 2. d4 d5 3. e5 c5 4. f4 Nc6 5. Nf3 g6 6. Bd3 cxd4 7. 0-0 Bc5 8. a3 a5 9. g4 Nge7 10. b3 Bd7 11. Kg2 Qc7 12. Bb2 h5 13. h3 Rc8 14. Nbd2 Qb8 15. Qe2 Qa7 16. Ng5 Nd8 17. gxh5 Rxh5 18. Rh1 Nf5 19. Bxf5 exf5 20. Nf1 Be7 21. Ng3 Rh4 22. Qd2 Bxg5 23. fxg5 Ne6 24. Ne2 Qc5 25. Rac1 Re4 26. Rhe1 Bb5 27. Nxd4 Rxd4 28. Bxd4 Qxd4 29. Qxd4 Nxd4 30. Kf2 Ne6 31. h4 d4 32. a4 Bc6 33. Ke2 Be4 34. Kd2 Rc3 35. Re2 Rh3 36. Rf2 Nc5 37. Rb1 Rc3 38. Rb2 Nd7 39. b4 Nxe5 40. Kd1 axb4 41. Rxb4 d3 42. cxd3 Nxd3 43. Rxe4+ fxe4 44. Re2 Nc5 45. Kd2 Ra3 0-1

[Event "Mar del Plata op 39th"]
[Site "Mar del Plata"]
[Date "2008.03.18"]
[Round "5"]
[White "Lopez, Rebert Pablo"]
[Black "Oddone, Cristhian"]
[Result "0-1"]
[WhiteElo "2005"]
[BlackElo "2145"]
[PlyCount "50"]
[EventDate "2008.03.15"]
[EventType "swiss"]
[EventRounds "9"]
[EventCountry "ARG"]
[SourceTitle "CBM 123 Extra"]
[Source "ChessBase"]
[SourceDate "2008.05.06"]
[SourceVersion "1"]
[SourceVersionDate "2008.05.06"]
[SourceQuality "1"]

1. e4 d5 2. exd5 Nf6 3. c4 e6 4. dxe6 Bxe6 5. Nf3 Qe7 6. Qe2 Nc6 7. b3 Nb4 8. Kd1 0-0-0 9. Ba3 Qd7 10. Kc1 Bf5 11. Bxb4 Bxb4 12. Qe3 Kb8 13. a3 Rhe8 14. axb4 Rxe3 15. fxe3 Ng4 16. Nd4 Bg6 17. Be2 Ne5 18. Nc3 Nc6 19. Nxc6+ Qxc6 20. Bf3 Qd6 21. d4 Qe6 22. Re1 Rxd4 23. Nb5 Rxc4+ 24. bxc4 Qxc4+ 25. Kb2 Qxb4+ 0-1

[Event "Mar del Plata op 39th"]
[Site "Mar del Plata"]
[Date "2008.03.15"]
[Round "1"]
[White "Lopez, Rebert Pablo"]
[Black "Leskovar, Matias"]
[Result "0-1"]
[WhiteElo "2005"]
[BlackElo "2281"]
[PlyCount "73"]
[EventDate "2008.03.15"]
[EventType "swiss"]
[EventRounds "9"]
[EventCountry "ARG"]
[SourceTitle "CBM 123 Extra"]
[Source "ChessBase"]
[SourceDate "2008.05.06"]
[SourceVersion "1"]
[SourceVersionDate "2008.05.06"]
[SourceQuality "1"]

1. e4 e5 2. Nf3 Nc6 3. d4 exd4 4. Bc4 Bc5 5. 0-0 d6 6. c3 d3 7. b4 Bb6 8. a4 a6 9. a5 Ba7 10. Qb3 Qe7 11. Bg5 Nf6 12. Nbd2 0-0 13. Rae1 Ne5 14. Nd4 h6 15. Bh4 Ng6 16. Nf5 Qd8 17. Nf3 Bxf5 18. exf5 Nxh4 19. Nxh4 d2 20. Re2 d5 21. Bd3 Ne4 22. Nf3 Re8 23. Nxd2 Nxd2 24. Rxd2 Qg5 25. Qd1 Qf6 26. Qb3 Re5 27. Bb1 c6 28. Qd1 Rae8 29. g3 R5e7 30. Qf3 Re1 31. Rd1 R1e2 32. Bd3 Rb2 33. Rc1 Qg5 34. h4 Rxf2 35. Rxf2 Qxc1+ 36. Kg2 Bxf2 37. Qxf2 0-1